000 01566nam a22002177a 4500
999 _c61241
_d61241
005 20240109172651.0
008 240109s1979 ru ||||| |||| 00| 0 rus d
041 _arus
080 _a94(479.22)(093)+929.731(479.22) M-88
100 _aМровели, Леонти
_921004
245 _aЖизнь картлийских царей : Извлечение сведений об абхазах, народах Северного Кавказа и Дагестана /
_cМровели Леонти ; Перевод с древнегрузинского, предисловие и комментарии Г.В. Цулаиа ; Ответственный редактор Г.С. Мамулиа ; Академия наук СССР, Институт этнографии им. Н.Н. Миклухо-Маклая.
264 _aМосква :
_bНаука,
_c1979.
300 _a102 с. ;
_b21 см.
653 _aსაქართველოს ისტორიის წყაროები
653 _aხალხთა ისტორიის დოკუმენტური წყაროები.
653 _aაფხაზეთის ისტორიის დოკუმენტური წყაროები
700 _aЦулаиа, Гиви
_eმთარგმნელი
_921005
700 _aМамулиа, Г.С.
_eრედაქტორი
_921006
710 _aАкадемия наук СССР.
_dИнститут этнографии им. Н.Н. Миклухо-Маклая.
_921007
942 _2udc
_cᲬᲘᲒᲜᲘ